000 00863nam a22002417a 4500
005 20240530110341.0
008 141112s2012 ua gr 000 0 ara d
017 _a4042/2011
_bمصر . دار الكتب المصرية
020 _a9789773288408
040 _aEG-CaGPL
082 0 4 _221
_a344.0131\
_bص ت
100 0 _aصلاح على على حسن
245 1 2 _aالتنظيم القانونى لتشغيل الاحداث :
_bدراسة مقارنة /
_cصلاح على على حسن
250 _aط 1
260 _aالاسكندرية :
_bدار الجامعه الجديدة ،
_c2012
300 _a372 ص ؛
_c24 سم
650 0 4 _aالاحداث
650 0 4 _aالمشاكل الاجتماعية
650 0 4 _aالاصلاحيات
650 0 4 _aالاحداث
_xتشغيل
942 _2ddc
_cBK
999 _c59879
_d59879